|
|
|
|
| LEADER |
00000nam0a2200000 4500 |
| 001 |
314135 |
| 005 |
20231102002640.0 |
| 010 |
|
|
|a 9785160117270
|
| 035 |
|
|
|a (RuTPU)RU\TPU\book\339546
|
| 090 |
|
|
|a 314135
|
| 100 |
|
|
|a 20160209d2016 k y0rusy50 ca
|
| 101 |
0 |
|
|a rus
|
| 102 |
|
|
|a RU
|
| 105 |
|
|
|a y z 001zy
|
| 200 |
1 |
|
|a Регионы Восточной и Западной Сибири в контексте социокультурных трансформаций и модернизационных процессов в России
|e монография
|f В. Г. Немировский
|g Сибирский федеральный университет (СФУ) ; Российское общество социологов (РОС), Красноярское региональное отделение
|
| 205 |
|
|
|a 2-е изд., перераб. и доп.
|
| 210 |
|
|
|a Москва
|c Инфра-М
|a Красноярск
|c Изд-во СФУ
|d 2016
|
| 215 |
|
|
|a 165 с.
|
| 225 |
1 |
|
|a Научная мысль
|
| 225 |
1 |
|
|a Социология
|
| 320 |
|
|
|a Библиогр.: с. 157-163.
|
| 330 |
|
|
|a Монография посвящена анализу современных социокультурных трансформаций и модернизации в регионах Восточной и Западной Сибири. Данные процессы изучаются на фоне аналогичных изменений, происходящих в России в целом. Объектом более глубоких исследований выступает Красноярский край. Ситуация рассматривается В контексте тенденций трансформации существующей в настоящее время в России неолиберачьной антиутопии. Представлена попытка выявить некоторые социокультурные аспекты будущей утопии. Второе издание дополнено новыми данными, полученными в 2013-2015 гг. Работа выполнена при финансовой поддержке Российского гуманитарного научного фонда в рамках научно-исследовательского проекта РГНФ «Особенности формирования социальной структуры и развития социального капитала в Красноярском крае» № 1! -03-00250.Для научных работников, преподавателей вузов, студентов, работников органов управления.
|
| 606 |
1 |
|
|a Социальное развитие
|x Социология
|y Россия
|y СССР
|2 stltpush
|3 (RuTPU)RU\TPU\subj\37883
|9 58653
|
| 610 |
1 |
|
|a социология
|
| 610 |
1 |
|
|a социокультурные трансформации
|
| 610 |
1 |
|
|a модернизация
|
| 610 |
1 |
|
|a население
|
| 610 |
1 |
|
|a Восточная Сибирь
|
| 610 |
1 |
|
|a Западная Сибирь
|
| 610 |
1 |
|
|a инновации
|
| 610 |
1 |
|
|a сибирские регионы
|
| 610 |
1 |
|
|a антиутопия
|
| 610 |
1 |
|
|a поселения
|
| 610 |
1 |
|
|a Красноярский край
|
| 610 |
1 |
|
|a государственная власть
|
| 610 |
1 |
|
|a социокультурная идентификация
|
| 610 |
1 |
|
|a социокультурное развитие
|
| 610 |
1 |
|
|a утопия
|
| 610 |
1 |
|
|a монографии
|
| 686 |
|
|
|a С59(2)
|v LBC/SL-A
|2 rubbk
|
| 700 |
|
1 |
|a Немировский
|b В. Г.
|g Валентин Геннадьевич
|
| 712 |
0 |
2 |
|a Сибирский федеральный университет (СФУ)
|c (Красноярск)
|2 stltpush
|3 (RuTPU)RU\TPU\col\11098
|
| 712 |
0 |
2 |
|a Российское общество социологов (РОС)
|b Красноярское региональное отделение
|2 stltpush
|3 (RuTPU)RU\TPU\col\21553
|
| 801 |
|
1 |
|a RU
|b 63413507
|c 20160209
|
| 801 |
|
2 |
|a RU
|b 63413507
|c 20160404
|g RCR
|
| 900 |
|
|
|a Социология
|
| 942 |
|
|
|c BK
|
| 959 |
|
|
|a 12/20160128
|d 1
|e 299,90
|f ЧЗГЛ:1
|